000 00828nam a2200193Ii 4500
003 JO-AjNU
008 230605s9999||||xx |||||||||||||| ||und||
040 _aJO-AjNU
_bara
_erda
_cJO-AjNU
041 _aara
050 1 4 _aPN56.R3.L3 1900
100 3 _aتأليف لافرتسكي. أ ؛ ترجمة جميل ناصيف ؛ مراجعة حياة شرارة,
_eauthor
_952915
245 0 0 _aفي سبيل الواقعية: بيلنيسكي و تشير نيشيفسكي و دوبرليوبوف
264 3 1 _aبيروت: عالم المعرفة، 1900
300 _a491ص
336 _atext
_btxt
_2rdacontent
337 _aunmediated
_bn
_2rdamedia
338 _avolume
_bnc
_2rdacarrier
650 4 _aالواقعية في الأدب - الأدب الروسي - تاريخ ونقد - الأدباء الروس - تراجم
_952916
999 _aA23468
_c27036
_d27036